Supporting the creation of new commercial floor for SMEs or entities in the field of IT and research and developmentthrough the financial instrument of the European Commission and the European Investment Bank JESSICA diplomová práca
Salvato in:
| Autore principale: | |
|---|---|
| Ente Autore: | |
| Altri autori: | |
| Natura: | Libro |
| Lingua: | inglese |
| Pubblicazione: |
Bratislava
2016
|
| Tags: |
Nessun Tag, puoi essere il primo ad aggiungerne!!
|
MARC
| LEADER | 00000nbm a2200000 4500 | ||
|---|---|---|---|
| 001 | 0223456 | ||
| 005 | 20170104134102.4 | ||
| 041 | 0 | |a eng | |
| 044 | |a SK | ||
| 245 | 1 | 0 | |a Supporting the creation of new commercial floor for SMEs or entities in the field of IT and research and developmentthrough the financial instrument of the European Commission and the European Investment Bank JESSICA |b diplomová práca |c Miroslav Reťkovský ; školiteľ: Anton Čiernik |
| 264 | 1 | |a Bratislava |c 2016 | |
| 300 | |a 58 s. | ||
| 100 | 1 | |a Reťkovský, Miroslav | |
| 700 | 1 | |a Čiernik, Anton | |
| 710 | 2 | |a Národohospodárska fakulta EU. Katedra financií | |